=LDR 00000nam 2200000 4500 =001 INLIS000000000032183 =005 20130612134213 =008 ***********************************ind** =035 ##$$0010-061300000032183 =041 ##$$a ind =082 ##$$a 398.903 =090 ##$$a R. 398.903, Riz k =100 ##$$a RIZAL, Yose =245 ##$$a Kamus Pribahasa Indonesia, Yose Rizal =260 ##$$a 2004 $b Semarang =300 ##$$a v, 578 hlm, 20 cm =650 ##$$a Pribahasa Indonesia - Kamus =850 ##$$a NBPNMAT